Success as a psychology major
Sábháilte in:
| Príomhchruthaitheoir: | |
|---|---|
| Formáid: | LEABHAR |
| Teanga: | Béarla |
| Foilsithe / Cruthaithe: |
SAGE
2020
|
| Clibeanna: |
Cuir clib leis
Níl clibeanna ann, Bí ar an gcéad duine le clib a chur leis an taifead seo!
|
MARC
| LEADER | 00000nam a22000007a 4500 | ||
|---|---|---|---|
| 008 | 230823b |||||||| |||| 00| 0 eng d | ||
| 020 | |a 9781544334714 | ||
| 100 | |a COPELAND, David E. | ||
| 245 | |a Success as a psychology major |c /David E. Copeland, Jeremy Ashton Houska |g x, 417p;ill | ||
| 260 | |b SAGE |c 2020 |h London |i 699828 |i 699829 |l BF77.C79 |m Psychology - Study and teaching (Higher) |m Study skills | ||
| 942 | |a lcc |c BK |e Johnson |f 23/08/23 | ||
| 952 | |0 0 |1 0 |2 lcc |4 0 |6 BF0077 C79 |7 0 |9 4421 |a ART |b HOL |c AF |d 2023-08-23 |l 0 |o BF77.C79 |p 2023-0345 |r 2023-08-23 00:00:00 |t 699828 |w 2023-08-23 |y BK | ||
| 952 | |0 0 |1 0 |2 lcc |4 0 |6 BF0077 C79 |7 0 |9 4422 |a HOL |b HOL |c AF |d 2023-08-23 |l 0 |o BF77.C79 |r 2023-08-23 00:00:00 |t 699829 |w 2023-08-23 |y BK | ||
| 999 | |c 2220 |d 2220 | ||